Immigration Niederlande - Statistiken

Allgemein
  • Dieses Quiz wurde 99 mal gespielt
  • Das Durchschnittsergebnis liegt bei 14 aus 20
Antwortstatistiken
Platz Land Anzahl % Korrekt
5. Deutschland 342.925
98%
8. Belgien 123.136
92%
19. Vereinigte Staaten 49.246
85%
15. Spanien 54.269
84%
16. Frankreich 52.389
82%
1. Türkei 429.978
80%
9. Vereinigtes Königreich 97.844
80%
10. China 84.453
76%
7. Syrien 126.260
76%
13. Italien 64.398
72%
6. Polen 220.980
72%
12. Indien 65.399
70%
2. Marokko 419.272
70%
11. Irak 67.757
68%
17. Iran 52.099
68%
18. Bulgarien 50.305
59%
4. Indonesien 349.301
57%
20. Rumänien 48.563
55%
14. Afghanistan 54.991
51%
3. Suriname 359.814
49%
Keine übereinstimmenden Quizze gefunden
Verteilung der Resultate
Anzahl Personen mit jedem Resultat
Perzentil nach korrekt beantworteten Fragen
Ihre Resultats-Entwicklung
Sie haben dieses Quiz noch nicht gespielt